Tão longe e tão perto dos bichos (Record no. 148628)

MARC details
000 -LÍDER
campo de controle de tamanho fixo 00336 a2200133 4500
001 - NÚMERO DE CONTROLE
campo de controle 148628
040 ## - FONTE DA CATALOGAÇÃO
Instituição que transcreveu o registro Escola São Tomás de Aquino
100 ## - ENTRADA PRINCIPAL--NOME PESSOAL
Nome pessoal PESTILLI, Ellen
240 10 - TÍTULO UNIFORME
Título uniforme Tão longe e tão perto dos bichos
Idioma da obra por
245 10 - TÍTULO
Título Tão longe e tão perto dos bichos
362 0# - DATAS DE PUBLICAÇÃO E/OU DESIGNAÇÃO SEQUENCIAL
Datas de publicação e/ou designação sequencial 2006
697 ## - ENTRADA DE ASSUNTO LOCAL--ENTIDADE COLETIVA (RLIN)
Nome corporativo ou nome da jurisdição *LITERATURA INFANTO
942 ## - ELEMENTOS DE ENTRADA ADICIONADOS (KOHA)
Tipo de material Koha Livros
Holdings
Situação do descarte Situação das perdas Situação física Não pode ser emprestado Biblioteca de origem Biblioteca atual Data de aquisição Total de empréstimos Número de chamada completo Código de barras Data de último acesso Data do preço efetivo Tipo de material Koha
        ESTA - SÃO BENTO ESTA - SÃO BENTO 30/04/2024   028.52 PES TAO EST00002634 30/04/2024 30/04/2024 Livros